Известные Диктаторы #2 - Statistics

General Stats
  • This quiz has been taken 1 525 times
  • The average score is 6 of 20
Answer Stats
Подсказка Страна Диктатор % Correct
Президент Беларуси, прозванный "Батькой" Беларусь Александр Лукашенко
91%
Одна из основных фигур Второй мировой войны, основатель фашисткой партии Королевство Италия Бенито Муссолини
75%
Основатель идеологии чучхе, создал культ собственной личности Северная Корея Ким Ир Сен
66%
Железный канцлер, создатель Германской империи Германская империя Отто фон Бисмарк
61%
Глава китайских коммунистов, придумал "Большой скачок" Китай Мао Цзэдун
49%
Инициатор войн 1803-1815 годов, проиграл их после вторжения в Россию и битве при Ватерлоо Первая Французская Империя Наполеон Бонапарт
48%
Глава испанской фаланги, победитель гражданской войны в Испании Испания Франсиско Франко
47%
Вторгся в Иран и Кувейт, создал культ личности в стране и свергнут американцами якобы из-за "разработки химического оружия " Ирак Саддам Хусейн
47%
Запретил Винни Пуха из-за сравнения медведя с ним Китай Си Цзиньпин
44%
Известен людоедством и пристрастием к апельсинам Уганда Иди Амин
25%
Для него Дженнифер Лопес спела нашумевшую песню "Happy birthday, Mr. President" Туркмения Гурбангулы Бердымухамедов
25%
Лорд-протектор Англии, провозгласил ее республикой Английская Республика Оливер Кромвель
24%
Глава дружественного Германии режима, созданного в 1939 году Словакия Йозеф Тисо
9%
Свергнут военной хунтой в результате Арабской весны 2011 года Египет Хосни Мубарак
9%
Самый коррумпированный глава за всю историю, укравший из казны более 2 млрд долларов Филиппины Фердинанд Маркос
5%
Бессменный глава Чада, убит в 2021 году Чад Идрис Деби
4%
Первый и единственный президент Республики Афганистан, свергнут коммунистами Республика Афганистан Мухаммед Дауд
3%
Единственный президент Эритреи за всю её историю Эритрея Исайяс Афеверки
3%
Глава бирманской хунты, устроил геноцид рохинджа Мьянма Тан Шве
2%
Глава националистической партии, инициатор апартеида Южно-Африканская Республика Балтазар Форстер
1%
No matching quizzes found
Score Distribution
Percent of People with Each Score
Percentile by Number Answered
Your Score History
You have not taken this quiz